[Event "SC Hansa Dortmund- SK Turm Emsdetten"]
[Site "?"]
[Date "2010.09.26"]
[Round "1.3"]
[White "Richter, Christian"]
[Black "Ackermann, Hans Werner"]
[Result "1-0"]
[WhiteElo "2334"]
[BlackElo "2236"]
[PlyCount "81"]
[WhiteTeam "Turm Emsdetten II"]
[BlackTeam "SC Hansa Dortmund II"]

1. d4 d5 2. Nf3 Nc6 3. c4 Bg4 4. Nc3 e6 5. cxd5 exd5 6. Bf4 Bd6 7. Bg3 Nge7 8.
e3 a6 9. Be2 Bf5 10. Nh4 Be6 11. Nf3 Bf5 12. Rc1 h6 13. Qb3 O-O 14. O-O Bxg3
15. hxg3 Qd6 16. Na4 Ra7 17. Nc5 b6 18. Nd3 Rc8 19. Rc3 Bxd3 20. Bxd3 Nd8 21.
Rd1 Ne6 22. Qc2 c5 23. dxc5 bxc5 24. e4 d4 25. Bc4 Ng5 26. e5 Nxf3+ 27. Rxf3
Qxe5 28. Rxf7 Kh8 29. Qd2 Qb8 30. Re1 Ng8 31. Rxa7 Qxa7 32. Qa5 Nf6 33. Re6 d3
34. Rxa6 Qd7 35. Qd2 Ne4 36. Qxd3 Qb7 37. Re6 Nxf2 38. Qe2 Qd7 39. Qxf2 Qd1+
40. Re1 Qg4 41. Be6 1-0

[Event "SC Hansa Dortmund- SK Turm Emsdetten"]
[Site "?"]
[Date "2010.09.26"]
[Round "1.4"]
[White "Kotter, Ralf"]
[Black "Kuipers, Stefan"]
[Result "1/2-1/2"]
[WhiteElo "2209"]
[BlackElo "2367"]
[PlyCount "89"]
[WhiteTeam "SC Hansa Dortmund II"]
[BlackTeam "Turm Emsdetten II"]

1. e4 c5 2. Nf3 Nc6 3. Bb5 d6 4. Bxc6+ bxc6 5. O-O e5 6. d3 Nf6 7. h3 Be7 8.
Nc3 O-O 9. Nh2 Qb6 10. Kh1 Ne8 11. Rb1 Nc7 12. f4 exf4 13. Bxf4 Ne6 14. Be3 Ba6
15. b4 Qd8 16. bxc5 d5 17. Bg1 Bxc5 18. Bxc5 Nxc5 19. exd5 Qa5 20. Qd2 cxd5 21.
Nf3 Ne6 22. Ne2 Qxd2 23. Nxd2 Rfc8 24. Rfc1 Rc7 25. Nb3 Rac8 26. Rb2 g6 27. Kg1
Nc5 28. Nxc5 Rxc5 29. d4 Ra5 30. Kf2 Ra4 31. Rd1 Bc4 32. Nc1 Ra6 33. Re1 Rf6+
34. Kg3 Kf8 35. Re3 Rf1 36. Nd3 Bxd3 37. cxd3 Rc7 38. Re5 Rc3 39. Rd2 Ra3 40.
Rxd5 Ra1 41. Rf2 R1xa2 42. Rf3 Rd2 43. Rd7 Raxd3 44. Rdxf7+ Kg8 45. Rxa7 {(=)}
1/2-1/2

[Event "SC Hansa Dortmund- SK Turm Emsdetten"]
[Site "?"]
[Date "2010.09.26"]
[Round "1.5"]
[White "Jonker, Marc"]
[Black "Rumpf, Thomas"]
[Result "1-0"]
[WhiteElo "2255"]
[BlackElo "2101"]
[PlyCount "65"]
[WhiteTeam "Turm Emsdetten II"]
[BlackTeam "SC Hansa Dortmund II"]

1. e4 e5 2. Nc3 Nc6 3. g3 Bc5 4. Bg2 Nf6 5. Nge2 a6 6. h3 d6 7. d3 Be6 8. O-O
Qd7 9. Kh2 h5 10. Nd5 Bxd5 11. exd5 Ne7 12. d4 exd4 13. Nxd4 O-O-O 14. c4 Nf5
15. Nc2 Rde8 16. b4 Ba7 17. Qd3 Re7 18. Ba3 Rhe8 19. c5 dxc5 20. bxc5 c6 21.
Nb4 Ne4 22. Nxc6 bxc6 23. Rab1 cxd5 24. Qxa6+ Kd8 25. c6 Qc8 26. Qa5+ Qc7 27.
Qxd5+ Ned6 28. Rb7 Re5 29. Rxc7 Rxd5 30. Rd7+ Kc8 31. Bxd5 Re5 32. Bxd6 Rxd5
33. Bb8 1-0

[Event "SC Hansa Dortmund- SK Turm Emsdetten"]
[Site "?"]
[Date "2010.09.26"]
[Round "1.6"]
[White "Linker, Walter"]
[Black "Rijnaarts, Sjef"]
[Result "0-1"]
[WhiteElo "2074"]
[BlackElo "2259"]
[PlyCount "96"]
[WhiteTeam "SC Hansa Dortmund II"]
[BlackTeam "Turm Emsdetten II"]

1. Nf3 Nf6 2. b3 g6 3. Bb2 Bg7 4. e3 O-O 5. d4 d6 6. Be2 e5 7. O-O e4 8. Nfd2
d5 9. c4 c6 10. Nc3 Re8 11. Qc2 Bg4 12. Rae1 Na6 13. a3 Nc7 14. Qd1 Bxe2 15.
Qxe2 Ne6 16. f3 exf3 17. Qxf3 Qd7 18. Kh1 Ng5 19. Qf4 Nfe4 20. Ncxe4 Nxe4 21.
Nf3 f6 22. Qh4 Qe6 23. Rc1 Nd6 24. cxd5 Qxd5 25. Nd2 Rxe3 26. Rce1 Rae8 27. Qf2
Rxe1 28. Rxe1 Rxe1+ 29. Qxe1 Kf7 30. Qg3 Bf8 31. Nf3 Qe4 32. Qf2 Qb1+ 33. Ng1
Ne4 34. Qe2 Bd6 35. g4 Qd3 36. b4 Qxe2 37. Nxe2 Nf2+ 38. Kg2 Nxg4 39. h3 Ne3+
40. Kf3 Nc4 41. Bc1 Ke6 42. Nc3 f5 43. Ke2 a6 44. Kd3 b5 45. Ne2 Be7 46. Nf4+
Kd6 47. Ne2 g5 48. Ng3 Ke6 0-1

[Event "SC Hansa Dortmund- SK Turm Emsdetten"]
[Site "?"]
[Date "2010.09.26"]
[Round "1.7"]
[White "Hachijan, Armen"]
[Black "Wolf, Ulrich Martin"]
[Result "1/2-1/2"]
[WhiteElo "2110"]
[BlackElo "2172"]
[PlyCount "97"]
[WhiteTeam "Turm Emsdetten II"]
[BlackTeam "SC Hansa Dortmund II"]

1. e4 c5 2. Nf3 Nc6 3. d4 cxd4 4. Nxd4 e5 5. Nb5 d6 6. N1c3 a6 7. Na3 b5 8. Nd5
Be7 9. c4 b4 10. Nc2 Rb8 11. Qd3 Nf6 12. Be2 O-O 13. O-O a5 14. Rd1 Ne8 15. Be3
Kh8 16. Qd2 Be6 17. Rac1 b3 18. axb3 Rxb3 19. Na3 Qb8 20. Nb5 Bd8 21. Ra1 Nb4
22. Nxb4 Rxb4 23. Qc2 Bb6 24. Bd2 f5 25. Bxb4 axb4 26. Rf1 Bc5 27. exf5 Bxf5
28. Bd3 g6 29. Rad1 Qb7 30. Bxf5 Rxf5 31. Rd5 Qb6 32. Qd2 Rf4 33. b3 Nf6 34.
Rxd6 Bxd6 35. Qxd6 Qxd6 36. Nxd6 Nd7 37. Nb7 Rd4 38. c5 Nb8 39. Na5 Rd3 40. f4
e4 41. f5 e3 42. fxg6 hxg6 43. Rc1 Rc3 44. Re1 Kg7 45. Kf1 Rxc5 46. Nc4 Nc6 47.
Rxe3 Nd4 48. Nd2 Rc3 49. Rg3 1/2-1/2

[Event "SC Hansa Dortmund- SK Turm Emsdetten"]
[Site "?"]
[Date "2010.09.26"]
[Round "1.8"]
[White "Remmler, Volker"]
[Black "Schudro, Vasili"]
[Result "0-1"]
[WhiteElo "2064"]
[BlackElo "2138"]
[PlyCount "68"]
[WhiteTeam "SC Hansa Dortmund II"]
[BlackTeam "Turm Emsdetten II"]

1. d4 d5 2. c4 e6 3. Nc3 Nf6 4. Bg5 c6 5. e3 Nbd7 6. Nf3 Qa5 7. Bxf6 Nxf6 8.
Bd3 Bb4 9. O-O Bxc3 10. bxc3 Qxc3 11. Rc1 Qa3 12. Qe2 O-O 13. Ne5 Qe7 14. Rfe1
g6 15. h4 Nd7 16. h5 Nxe5 17. dxe5 Qg5 18. hxg6 hxg6 19. f4 Qe7 20. g3 Kg7 21.
cxd5 exd5 22. Kg2 Rh8 23. Rh1 Bd7 24. Rxh8 Rxh8 25. Rh1 Rxh1 26. Kxh1 c5 27. e4
c4 28. Bb1 Qb4 29. Qc2 d4 30. f5 d3 31. f6+ Kg8 32. Qd1 Bc6 33. Qg4 Qxb1+ 34.
Kh2 Qb2+ 0-1

[Event "SG Bochum 2 - SC Hansa Dortmund 2"]
[Site "NRW-Klasse, Gruppe 1 2010/201"]
[Date "2010.10.24"]
[Round "2.1"]
[White "Wegener, Olaf"]
[Black "Jens, Jelmer"]
[Result "1/2-1/2"]
[WhiteElo "2424"]
[BlackElo "2366"]
[Annotator ",Daniel"]
[PlyCount "124"]
[EventDate "2010.??.??"]

1. e4 e5 2. Nf3 Nc6 3. Bb5 Nf6 4. O-O Nxe4 5. d4 Nd6 6. Bxc6 dxc6 7. dxe5 Nf5
8. Qxd8+ Kxd8 9. Nc3 Ne7 10. Ne4 h6 11. Rd1+ Ke8 12. Nd4 Ng6 13. f4 Bd7 14. Be3
Rd8 15. h3 h5 16. c4 Be7 17. Ne2 b6 18. Rac1 h4 $11 19. Nd4 Rh5 20. Kf2 c5 21.
Nf3 Bc6 22. Nc3 Rf5 23. Ne2 Rxd1 24. Rxd1 Bxf3 25. gxf3 Nf8 26. Bd2 Ne6 27. Ke3
g6 28. Ke4 f6 29. Bc3 fxe5 30. Bxe5 Bf6 31. Bxf6 Rxf6 32. Ke5 Ke7 33. Rd7+ Kxd7
34. Kxf6 Nd4 35. Ng1 Ne6 36. Ne2 Nd4 37. Ng1 Ne6 38. f5 gxf5 39. Kxf5 Nd4+ 40.
Kg4 Ke6 41. Kxh4 Kf5 42. Kg3 c6 43. Kf2 b5 44. b3 bxc4 45. bxc4 Kg5 46. Ne2 Kh4
47. Ke3 Nf5+ 48. Kf4 Nd6 49. Ke5 Nxc4+ 50. Ke6 Kxh3 51. f4 Ne3 52. f5 Ng4 53.
Kd6 Kh4 54. Kxc5 Kg5 55. Nd4 Ne3 56. Kxc6 Kf6 57. a4 Ke5 58. a5 Kxd4 59. f6 Ng4
60. f7 Ne5+ 61. Kb7 Nxf7 62. Kxa7 Nd6 1/2-1/2

[Event "SG Bochum 2 - SC Hansa Dortmund 2"]
[Site "NRW-Klasse, Gruppe 1 2010/201"]
[Date "2010.10.24"]
[Round "2.2"]
[White "Tkachuk, Konstantyn"]
[Black "Karger, Frank"]
[Result "1-0"]
[WhiteElo "2166"]
[BlackElo "2214"]
[PlyCount "75"]
[EventDate "2010.??.??"]

1. e4 c5 2. Nf3 e6 3. d4 cxd4 4. Nxd4 a6 5. c4 Nf6 6. Nc3 Qc7 7. Bd3 Bc5 8. Nb3
Be7 9. O-O d6 10. f4 Nbd7 11. Be3 b6 12. Qe2 Bb7 13. Rae1 O-O 14. g4 d5 15.
cxd5 exd5 16. e5 Ne4 17. Nxe4 dxe4 18. Bb1 Nc5 19. Nxc5 bxc5 20. Bf2 Rab8 21.
b3 f6 22. Bxe4 fxe5 23. Bxb7 Rxb7 24. fxe5 Rb4 25. Bg3 Rxf1+ 26. Rxf1 Qc6 27.
Rf4 Qg6 28. Rxb4 cxb4 29. Qc4+ Kf8 30. Qc8+ Kf7 31. Qf5+ Ke8 32. Qxg6+ hxg6 33.
Kf2 Kd7 34. Ke3 Kc6 35. Ke4 Bd8 36. h4 Be7 37. h5 gxh5 38. gxh5 1-0

[Event "SG Bochum 2 - SC Hansa Dortmund 2"]
[Site "NRW-Klasse, Gruppe 1 2010/201"]
[Date "2010.10.24"]
[Round "2.3"]
[White "Mazarov, Juergen"]
[Black "Heinzel, Olaf"]
[Result "1/2-1/2"]
[WhiteElo "2117"]
[BlackElo "2272"]
[PlyCount "82"]
[EventDate "2010.??.??"]

1. e4 d5 2. exd5 Qxd5 3. Nc3 Qd6 4. d4 Nf6 5. Nf3 c6 6. g3 Bg4 7. Bg2 e6 8. O-O
Be7 9. Bf4 Qd8 10. Qd2 Nbd7 11. Rfe1 O-O 12. Ne5 Bf5 13. Rad1 Nxe5 14. Bxe5 Re8
15. a3 Nd7 16. Bf4 Nb6 17. Qe2 Nd5 18. Nxd5 exd5 19. Qd2 Qd7 20. c3 h6 21. Re2
g5 22. Be3 Bf8 23. Rde1 Re6 24. f3 Rae8 25. Bf2 Qc7 26. g4 Rxe2 27. Rxe2 Rxe2
28. Qxe2 Be6 29. Bg3 Bd6 30. Kf2 Bf4 31. Bf1 Kf8 32. Kg2 Qd6 33. Qc2 Bxg3 34.
hxg3 Bd7 35. Qh7 Qf6 36. Bd3 Ke7 37. Qg8 Qe6 38. Kf2 Be8 39. Qg7 Qf6 40. Qxf6+
Kxf6 41. Bf5 Ke7 1/2-1/2

[Event "SG Bochum 2 - SC Hansa Dortmund 2"]
[Site "NRW-Klasse, Gruppe 1 2010/201"]
[Date "2010.10.24"]
[Round "2.5"]
[White "Kotter, Ralf"]
[Black "Kelbling, Philipp"]
[Result "1-0"]
[WhiteElo "2209"]
[BlackElo "2112"]
[PlyCount "101"]
[EventDate "2010.??.??"]

1. e4 c5 2. Nf3 e6 3. d4 cxd4 4. Nxd4 Nf6 5. Bd3 Nc6 6. Nxc6 dxc6 7. O-O e5 8.
b3 Bg4 9. Qd2 Qd4 10. Qc3 Qxc3 11. Nxc3 Nd7 12. Bb2 Be6 13. Rfe1 f6 14. Bf1
O-O-O 15. a3 Nb6 16. Nd1 Kc7 17. Bc1 Be7 18. Nb2 Bc5 19. Nd1 Be7 20. Be3 Nd7
21. b4 g6 22. Nb2 a6 23. f3 g5 24. c3 h5 25. a4 Rhg8 26. Red1 Nb6 27. a5 Nc8
28. Rdb1 g4 29. f4 exf4 30. Bxf4+ Bd6 31. Be3 Be5 32. Ra3 f5 33. Nd3 Bd6 34. e5
Be7 35. Nf4 Bf7 36. c4 Bg5 37. b5 Rde8 38. bxa6 bxa6 39. Rab3 Kd8 40. Rb7 Re7
41. Rd1+ Ke8 42. Rb8 Be6 43. Rd6 Kf7 44. Rxc6 Rd8 45. Kf2 Na7 46. Bxa7 Bxf4 47.
Rxd8 Rxa7 48. Rdd6 Re7 49. c5 Bxe5 50. Rxe6 Bd4+ 51. Kg3 1-0

[Event "SG Bochum 2 - SC Hansa Dortmund 2"]
[Site "NRW-Klasse, Gruppe 1 2010/201"]
[Date "2010.10.24"]
[Round "2.6"]
[White "Tkachuk, Sergij"]
[Black "Rumpf, Thomas"]
[Result "1-0"]
[WhiteElo "2205"]
[BlackElo "2101"]
[PlyCount "81"]
[EventDate "2010.??.??"]

1. e4 e5 2. Nf3 Nc6 3. Bc4 Nf6 4. d4 exd4 5. e5 Ng4 6. O-O d6 7. exd6 Bxd6 8.
Re1+ Kf8 9. h3 Nge5 10. Bb3 a5 11. a4 f6 12. Nxe5 Nxe5 13. f4 Nc6 14. Qh5 Qd7
15. Bd2 b6 16. Be6 Qxe6 17. Rxe6 Bxe6 18. Qf3 Bd7 19. Na3 Rc8 20. Nb5 Bc5 21.
Kh1 Ne7 22. Qd3 Bxb5 23. Qxb5 c6 24. Qc4 Nd5 25. Bxa5 Nxf4 26. b4 g5 27. bxc5
bxa5 28. Rb1 Nd5 29. Rb7 Rc7 30. Rxc7 Nxc7 31. Qxd4 Ne8 32. Qd7 h5 33. Qxc6 Rh7
34. Qb6 Re7 35. Qxa5 h4 36. c6 Nc7 37. Qc5 Ne6 38. Qd6 Kf7 39. a5 Ra7 40. Kg1
Nc7 41. Qd4 1-0

[Event "SG Bochum 2 - SC Hansa Dortmund 2"]
[Site "NRW-Klasse, Gruppe 1 2010/201"]
[Date "2010.10.24"]
[Round "2.7"]
[White "Linker, Walter"]
[Black "Pilat, Daniel"]
[Result "0-1"]
[WhiteElo "2074"]
[BlackElo "2134"]
[Annotator ",Daniel"]
[PlyCount "164"]
[EventDate "2010.??.??"]

1. b3 d5 2. e3 Nf6 3. Bb2 Bg4 4. f3 Bd7 5. f4 Nc6 6. Nf3 e6 7. Bb5 Bd6 8. O-O
Qe7 9. d4 Ng4 10. Qe2 f6 11. c4 a6 12. Bxc6 Bxc6 13. Ne1 f5 14. h3 h5 15. c5
Bb5 16. Nd3 Qh4 17. Nd2 Be7 18. Nf3 Qf6 19. a4 Bxd3 20. Qxd3 Nh6 21. b4 O-O 22.
Ne5 Rfd8 23. b5 axb5 24. axb5 Qf8 25. Qe2 Qe8 26. Bc3 Bf6 27. Nf3 g6 28. Rfb1
Rxa1 $11 29. Rxa1 Ra8 30. Rxa8 Qxa8 31. Qb2 Qa4 32. Kh2 Nf7 33. b6 cxb6 34.
Qxb6 Qc6 35. Qa7 Bd8 36. Qa8 Kg7 37. Be1 Bc7 38. Bh4 Qd7 39. Kg1 Bd8 40. Bxd8
Nxd8 41. Ne5 Qc7 42. Kh2 b6 43. cxb6 Qxb6 44. Qc8 Qd6 $11 45. Qa8 Qc7 46. Nd3
Qe7 47. Nc5 Kh7 48. Qc8 Kh6 49. Qb8 Kh7 50. Qe5 Kg8 51. Qb8 Kh7 52. Qc8 Kh6 53.
Nd7 Nf7 54. Nc5 Nd8 55. Nd3 Kg7 56. Ne5 Qd6 57. Qa8 Qc7 58. Qa3 Nf7 59. Nd3 g5
60. Nc5 Qd6 61. Qc1 g4 62. Qe1 Qe7 63. Qe2 Nd6 64. Qa6 Kf7 65. Nd3 Ne4 66. Ne5+
Kg7 67. Qc8 g3+ 68. Kg1 Qa7 69. Qd7+ Qxd7 70. Nxd7 Nd2 71. Ne5 Nc4 72. Nxc4
dxc4 73. Kf1 Kf6 74. Ke2 Ke7 75. Kd2 Kd6 76. h4 Kd5 77. Kc3 Ke4 78. Kxc4 Kxe3
79. Kc5 Kf2 80. Kd6 Kxg2 81. Kxe6 Kf3 82. d5 g2 0-1

[Event "SG Bochum 2 - SC Hansa Dortmund 2"]
[Site "NRW-Klasse, Gruppe 1 2010/201"]
[Date "2010.10.24"]
[Round "2.8"]
[White "Boehle, Lars"]
[Black "Babar, Michael"]
[Result "1-0"]
[WhiteElo "2128"]
[BlackElo "2160"]
[PlyCount "77"]
[EventDate "2010.??.??"]

1. d4 Nf6 2. Nf3 g6 3. Bf4 Bg7 4. e3 O-O 5. Be2 d6 6. h3 Nbd7 7. O-O b6 8. c4
Bb7 9. Nc3 Ne4 10. Nxe4 Bxe4 11. Qd2 Bb7 12. Rfd1 e5 13. Bh2 e4 14. Ne1 Qe7 15.
b4 Nf6 16. Nc2 d5 17. c5 Ne8 18. a4 f5 19. a5 Nf6 20. Na3 bxc5 21. bxc5 Ne8 22.
Rdb1 c6 23. Rb3 Rd8 24. Rab1 Bc8 25. a6 g5 26. Rb7 Rd7 27. Rb8 Rd8 28. R8b7 Rd7
29. Rb8 Rd8 30. Nc2 Qf6 31. Be5 Qe6 32. Qa5 Qe7 33. Nb4 Bxe5 34. Nxc6 Qc7 35.
Qxc7 Bxc7 36. Nxd8 Bxb8 37. Rxb8 Nd6 38. cxd6 Rxd8 39. d7 1-0

[Event "Godesberger SK 2 - SF Neuenkirchen 1"]
[Site "NRW-Klasse, Gruppe 1 2010/201"]
[Date "2010.10.24"]
[Round "2.1"]
[White "Muschik, Benedikt"]
[Black "Gerusel, Mathias"]
[Result "1-0"]
[WhiteElo "2239"]
[BlackElo "2170"]
[Annotator ",Daniel"]
[PlyCount "67"]
[EventDate "2010.??.??"]

1. d4 Nf6 2. Bf4 d5 3. e3 c5 4. Nf3 Nc6 5. c3 Bf5 6. Qb3 Qc8 7. dxc5 Bd7 8.
Nbd2 e6 9. Bd6 Bxd6 10. cxd6 Qb8 11. Qa3 O-O 12. Be2 Rd8 13. c4 b6 14. Rd1 Be8
15. cxd5 exd5 16. O-O Rxd6 $11 17. Nb1 b5 18. Bxb5 Ne5 19. Be2 Rb6 20. Nxe5
Qxe5 21. Rd4 Rab8 22. b3 R8b7 23. Nc3 Rc7 24. Qa5 Rbc6 25. Nxd5 Rc5 26. Nxf6+
Qxf6 27. Qa3 g6 28. Bd3 Kg7 29. Rd1 Bd7 30. h3 Be6 31. Be4 Qg5 32. Qb2 Kh6 33.
f4 Qf6 34. g4 1-0

[Event "Godesberger SK 2 - SF Neuenkirchen 1"]
[Site "NRW-Klasse, Gruppe 1 2010/201"]
[Date "2010.10.24"]
[Round "2.2"]
[White "Rohde, Ulrich"]
[Black "Seegers, Hendrik"]
[Result "1/2-1/2"]
[WhiteElo "2164"]
[BlackElo "2157"]
[PlyCount "56"]
[EventDate "2010.??.??"]

1. Nf3 d5 2. d4 e6 3. c4 c6 4. g3 dxc4 5. Bg2 b5 6. O-O Nd7 7. Nc3 Bb7 8. Qc2
Ngf6 9. Ne5 Nxe5 10. dxe5 Nd5 11. Ne4 Qc7 12. b3 c3 13. Nxc3 Rc8 14. Nxd5 cxd5
15. Qxc7 Rxc7 16. Be3 Bc6 17. a4 bxa4 18. bxa4 Bb4 19. Rfc1 Kd7 20. Bd4 Rb8 21.
e3 Bd2 22. Rc2 Ba5 23. Bf1 Rb3 24. Rac1 Bxa4 25. Rxc7+ Bxc7 26. Ra1 Bb5 27.
Bxb5+ Rxb5 28. Rxa7 Kc6 1/2-1/2

[Event "Godesberger SK 2 - SF Neuenkirchen 1"]
[Site "NRW-Klasse, Gruppe 1 2010/201"]
[Date "2010.10.24"]
[Round "2.3"]
[White "Wilde, Pierre"]
[Black "Stenzel, Thomas"]
[Result "1-0"]
[WhiteElo "2215"]
[BlackElo "2109"]
[PlyCount "87"]
[EventDate "2010.??.??"]

1. d4 Nf6 2. c4 g6 3. Nc3 Bg7 4. e4 d6 5. f3 c6 6. Be3 O-O 7. Qd2 a5 8. Bd3 Na6
9. Nge2 e5 10. d5 Nd7 11. g4 Nb6 12. Ng3 Nb4 13. Be2 f5 14. gxf5 gxf5 15. Bg5
Qe8 16. a3 f4 17. Nf5 Bxf5 18. exf5 Rxf5 19. Ne4 Rxg5 20. Nxg5 Qg6 21. axb4
Qxg5 22. bxa5 Qh4+ 23. Kd1 cxd5 24. Ra3 Nd7 25. Qxd5+ Kh8 26. a6 Rxa6 27. Rxa6
bxa6 28. Qxd6 Nf8 29. Qd5 Qf2 30. c5 e4 31. Rf1 Qe3 32. Bc4 Ne6 33. Qxe6 Qd4+
34. Ke1 Qe3+ 35. Be2 Bd4 36. Qe8+ Kg7 37. Qxe4 Qc1+ 38. Bd1 Qxb2 39. Qc2 Qb4+
40. Ke2 Qb5+ 41. Qd3 Qxc5 42. Bc2 Qe5+ 43. Kd1 Be3 44. Qxh7+ 1-0

[Event "Godesberger SK 2 - SF Neuenkirchen 1"]
[Site "NRW-Klasse, Gruppe 1 2010/201"]
[Date "2010.10.24"]
[Round "2.4"]
[White "Horstmann, Olaf"]
[Black "Haves, Reinhard"]
[Result "0-1"]
[WhiteElo "2140"]
[BlackElo "2161"]
[PlyCount "64"]
[EventDate "2010.??.??"]

1. e4 g6 2. d3 Bg7 3. g3 d5 4. exd5 Qxd5 5. Nf3 Bg4 6. Bg2 Qe6+ 7. Kf1 Bh3 8.
Nc3 Nc6 9. Bf4 O-O-O 10. Qd2 h6 11. Rb1 g5 12. Be3 Nf6 13. b4 Ng4 14. Ne4 Bxg2+
15. Kxg2 Nce5 16. Nxe5 Qxe5 17. h3 f5 18. hxg4 fxe4 19. d4 Qd5 20. c3 e5 21.
Rbd1 exd4 22. cxd4 Rd6 23. Rc1 Bxd4 24. Rhd1 Rhd8 25. Qc2 Qf7 26. Bxd4 Rxd4 27.
Rxd4 Rxd4 28. Qc5 Qf3+ 29. Kg1 Rd1+ 30. Rxd1 Qxd1+ 31. Kh2 Qxg4 32. Qxa7 Qf3
0-1

[Event "Godesberger SK 2 - SF Neuenkirchen 1"]
[Site "NRW-Klasse, Gruppe 1 2010/201"]
[Date "2010.10.24"]
[Round "2.5"]
[White "Beckmann, Klaus"]
[Black "Mueller-Boge, Michael"]
[Result "1-0"]
[WhiteElo "2172"]
[BlackElo "2040"]
[PlyCount "101"]
[EventDate "2010.??.??"]

1. Nf3 Nf6 2. c4 g6 3. Nc3 d5 4. d4 Bg7 5. e3 O-O 6. Qb3 e6 7. Bd2 b6 8. cxd5
exd5 9. Rc1 c6 10. Be2 Re8 11. O-O Nbd7 12. Rfd1 Bb7 13. Be1 Rc8 14. Qa4 a5 15.
a3 Ra8 16. Qc2 Bf8 17. Rb1 Bd6 18. Nd2 Qe7 19. Bf3 c5 20. dxc5 Nxc5 21. Nb5 Be5
22. Nb3 a4 23. N3d4 Ba6 24. Nc6 Qd7 25. Nbd4 Bd6 26. Nb4 Bc4 27. Be2 b5 28.
Bxc4 bxc4 29. Nf3 Nce4 30. Bc3 Qf5 31. Bxf6 Bxb4 32. Be5 Rxe5 33. Nxe5 Bd6 34.
Nf3 Qh5 35. h3 Nc5 36. Rd4 Be7 37. Rbd1 Rd8 38. Qc3 Bf6 39. Qa5 Nb3 40. Qxd8+
Bxd8 41. Rxd5 g5 42. Rxd8+ Kg7 43. R1d5 h6 44. h4 Qg6 45. hxg5 h5 46. Nh4 Qc2
47. Nf5+ Kh7 48. R8d6 Kg8 49. Rf6 Nd2 50. Rd8+ Kh7 51. Rh6# 1-0

[Event "Godesberger SK 2 - SF Neuenkirchen 1"]
[Site "NRW-Klasse, Gruppe 1 2010/201"]
[Date "2010.10.24"]
[Round "2.6"]
[White "Roski, Ferdinand"]
[Black "Rieke, Theo"]
[Result "1-0"]
[WhiteElo "2166"]
[BlackElo "2066"]
[PlyCount "135"]
[EventDate "2010.??.??"]

1. Nf3 g6 2. Nc3 Bg7 3. b3 d6 4. Bb2 Nf6 5. g3 O-O 6. Bg2 e5 7. O-O Nc6 8. d3
h6 9. e4 Be6 10. Ne2 Qd7 11. c4 Bh3 12. Ne1 Bxg2 13. Nxg2 Qh3 14. f3 Nd7 15.
Kh1 f5 16. Nef4 exf4 17. Nxf4 Qxf1+ 18. Qxf1 Bxb2 19. Rb1 Bg7 20. Nxg6 Rf6 21.
Nf4 fxe4 22. fxe4 Nde5 23. Qh3 Nd4 24. Rb2 Raf8 25. Kg2 Rxf4 26. gxf4 Ng6 27.
Rf2 Nxf4+ 28. Rxf4 Rxf4 29. Qc8+ Rf8 30. Qxc7 Be5 31. c5 Ne6 32. Qxb7 Nf4+ 33.
Kh1 dxc5 34. Qa6 Rd8 35. Qc4+ Kh8 36. Qxc5 Nxd3 37. Qc6 Rd6 38. Qe8+ Kg7 39.
Qe7+ Kg8 40. h4 Rd4 41. h5 Bg7 42. Kg2 Ne5 43. Qxa7 Rd2+ 44. Kg3 Rd3+ 45. Kf2
Kh7 46. b4 Ng4+ 47. Ke2 Rd4 48. Qb7 Nf6 49. Ke3 Ng4+ 50. Kf4 Nf6 51. b5 Nxh5+
52. Ke3 Ra4 53. b6 Ra3+ 54. Kd2 Rxa2+ 55. Kc1 Nf4 56. Qd7 Ne2+ 57. Kd1 Nc3+ 58.
Kc1 Re2 59. Qf5+ Kh8 60. Qc8+ Kh7 61. b7 Na2+ 62. Kd1 Nc3+ 63. Qxc3 Bxc3 64.
b8=Q Rb2 65. Qc8 Bg7 66. Qf5+ Kg8 67. Qd5+ Kh7 68. e5 1-0

[Event "Godesberger SK 2 - SF Neuenkirchen 1"]
[Site "NRW-Klasse, Gruppe 1 2010/201"]
[Date "2010.10.24"]
[Round "2.7"]
[White "Essing, Arnold"]
[Black "Kohn, Sandro"]
[Result "0-1"]
[WhiteElo "2180"]
[BlackElo "2120"]
[PlyCount "100"]
[EventDate "2010.??.??"]

1. d4 d5 2. Nf3 Nf6 3. c4 e6 4. Nc3 Be7 5. Bg5 O-O 6. e3 Nbd7 7. Bd3 dxc4 8.
Bxc4 a6 9. a4 c5 10. O-O cxd4 11. exd4 Nb6 12. Ba2 Nbd5 13. Ne5 Qd6 14. Qf3 Bd7
15. Nxd5 Nxd5 16. Bxd5 Bxg5 17. Bxb7 Ra7 18. Rfd1 Bf6 19. Nxd7 Qxd7 20. Bc6 Qd6
21. Be4 Qb4 22. Qc3 Rb8 23. Rd2 g6 24. Rad1 Qxa4 25. Qc5 Re7 26. Qd6 Rxb2 27.
h3 Rxd2 28. Rxd2 Kg7 29. Bc6 Qa1+ 30. Kh2 Qe1 31. Ra2 e5 32. d5 e4 33. Qc5 e3
34. d6 exf2 35. Rxf2 Be5+ 36. g3 Bxd6 37. Qd4+ Be5 38. Qc5 Bf6 39. Bf3 h5 40.
h4 a5 41. Kg2 Re5 42. Qc4 Rf5 43. Rc2 Be5 44. Rf2 Qe3 45. Qc6 Bd4 46. Rf1 Qd2+
47. Kh3 Qe3 48. Kh2 Rc5 49. Qb7 Rc2+ 50. Kh1 Rf2 0-1

[Event "SK Turm Emsdetten 2 - LSV Turm Lippstad"]
[Site "NRW-Klasse, Gruppe 1 2010/201"]
[Date "2010.10.24"]
[Round "2.1"]
[White "Wehmeier, Stefan"]
[Black "Pruijssers, Roeland"]
[Result "0-1"]
[WhiteElo "2445"]
[BlackElo "2516"]
[PlyCount "102"]
[EventDate "2010.??.??"]

1. e4 e5 2. Nf3 Nc6 3. Bb5 a6 4. Bxc6 dxc6 5. O-O f6 6. d4 Bg4 7. c3 Bd6 8. Be3
Ne7 9. Nbd2 Qd7 10. h3 Be6 11. c4 exd4 12. Nxd4 O-O-O 13. Nxe6 Qxe6 14. Qg4
Qxg4 15. hxg4 Ng6 16. Rfd1 Be5 17. Rab1 Rd7 18. Re1 Bd4 19. Nf3 c5 20. Bxd4
cxd4 21. e5 Rhd8 22. e6 Rd6 23. c5 Rd5 24. Rbd1 Ne5 25. e7 Nxf3+ 26. gxf3 Re8
27. Re4 Kd7 28. Rexd4 Rxd4 29. Rxd4+ Kc6 30. b4 Rxe7 31. Kg2 Kb5 32. a3 Ka4 33.
Rd3 a5 34. bxa5 Kb5 35. Rb3+ Kc6 36. f4 Re4 37. Kg3 Ra4 38. Re3 Rxa5 39. Re7
Rxa3+ 40. f3 Rd3 41. Rxg7 Rd7 42. Rg8 Kxc5 43. Rf8 b5 44. Rxf6 b4 45. Re6 b3
46. f5 b2 47. Re1 Kb4 48. f6 c5 49. Re7 b1=Q 50. Rxd7 Qa1 51. g5 Qe5+ 0-1

[Event "SK Turm Emsdetten 2 - LSV Turm Lippstad"]
[Site "NRW-Klasse, Gruppe 1 2010/201"]
[Date "2010.10.24"]
[Round "2.2"]
[White "Fiebig, Thomas"]
[Black "Matthias, Heiner"]
[Result "1-0"]
[WhiteElo "2458"]
[BlackElo "2351"]
[PlyCount "81"]
[EventDate "2010.??.??"]

1. d4 Nf6 2. Nf3 c5 3. e3 e6 4. c4 cxd4 5. exd4 d5 6. Nc3 Nc6 7. a3 Be7 8. Bd3
dxc4 9. Bxc4 O-O 10. O-O b6 11. Bg5 Bb7 12. Qd3 Rc8 13. Rad1 Na5 14. Ba2 Nd5
15. Ne4 Bxg5 16. Nexg5 g6 17. Rfe1 Nc6 18. Qe4 Nce7 19. Qh4 h5 20. Bb1 Nf5 21.
Qe4 Re8 22. Qe2 Nh4 23. g3 Nxf3+ 24. Nxf3 Nf6 25. Ne5 Kg7 26. Qd3 Rc7 27. f3 h4
28. Rc1 hxg3 29. hxg3 Nh5 30. g4 Rxc1 31. Rxc1 Qh4 32. Qd2 Qg3+ 33. Qg2 Qf4 34.
Nd3 Qxd4+ 35. Qf2 Qxf2+ 36. Kxf2 Nf6 37. Rc7 Bd5 38. Ne5 Rh8 39. Rxf7+ Kg8 40.
Rxf6 Rh2+ 41. Kg3 1-0

[Event "SK Turm Emsdetten 2 - LSV Turm Lippstad"]
[Site "NRW-Klasse, Gruppe 1 2010/201"]
[Date "2010.10.24"]
[Round "2.3"]
[White "Brenke, Andreas"]
[Black "Kabatianski, Alexander"]
[Result "1-0"]
[WhiteElo "2315"]
[BlackElo "2397"]
[PlyCount "81"]
[EventDate "2010.??.??"]

1. Nf3 Nf6 2. c4 e6 3. g3 d5 4. b3 Be7 5. Bg2 O-O 6. O-O b6 7. Bb2 Bb7 8. e3
Nbd7 9. Nc3 dxc4 10. bxc4 Nc5 11. d4 Nce4 12. Nxe4 Bxe4 13. Ne5 Bxg2 14. Kxg2
Bd6 15. Nc6 Qe8 16. Qf3 Nd7 17. Rad1 f5 18. Rc1 g5 19. Kh1 h5 20. Rfd1 g4 21.
Qg2 Rf7 22. h4 gxh3 23. Qf3 Nf6 24. c5 Bf8 25. Ne5 Rg7 26. d5 Nxd5 27. Rxd5
exd5 28. Qxd5+ Kh7 29. Rc4 Rd8 30. Qf3 Kg8 31. cxb6 axb6 32. Nc6 Rg4 33. Nxd8
Rxc4 34. Qd5+ Kh7 35. Qxc4 Qxd8 36. Qf7+ Kh6 37. Qe6+ Kg5 38. Qg8+ Kh6 39. Bg7+
Kg6 40. Bxf8+ Kf6 41. Qg7+ 1-0

[Event "SK Turm Emsdetten 2 - LSV Turm Lippstad"]
[Site "NRW-Klasse, Gruppe 1 2010/201"]
[Date "2010.10.24"]
[Round "2.4"]
[White "Richter, Christian"]
[Black "Krallmann, Matthias"]
[Result "1/2-1/2"]
[WhiteElo "2334"]
[BlackElo "2149"]
[PlyCount "82"]
[EventDate "2010.??.??"]

1. d4 Nf6 2. c4 c5 3. Nf3 cxd4 4. Nxd4 b6 5. Nc3 Bb7 6. f3 d6 7. e4 e6 8. Be2
Be7 9. Be3 O-O 10. O-O a6 11. Qd2 Qc7 12. Rfc1 Nbd7 13. a4 Rac8 14. a5 bxa5 15.
Nb3 Qb8 16. Nxa5 Ba8 17. b4 d5 18. exd5 exd5 19. c5 Qxb4 20. Bxa6 Bxc5 21. Bxc8
Rxc8 22. Bxc5 Qxc5+ 23. Kh1 Re8 24. Nd1 Qe7 25. Nf2 Ne5 26. Qd4 Qd8 27. Kg1
Nfd7 28. Kh1 Qf6 29. Re1 Rc8 30. Ng4 Nxg4 31. Qxg4 Qd8 32. Rec1 Rxc1+ 33. Rxc1
h5 34. Qb4 Ne5 35. Qc5 Qg5 36. Re1 Kh7 37. Qc3 d4 38. Qxd4 Nxf3 39. Qd3+ g6 40.
gxf3 Qxa5 41. Rd1 Qg5 1/2-1/2